| 000 | 00682nam a2200181 a 4500 | ||
|---|---|---|---|
| 001 | 000026797 | ||
| 005 | 20200930030422.0 | ||
| 008 | 110325s2006 dr 000 0 spa d | ||
| 040 |
_aDO-SdBNP _bspa _cBNPHU |
||
| 082 |
_axxxx _bR426l |
||
| 110 | 1 |
_aRepública Dominicana _bSuperintendencia de Valores _914843 |
|
| 245 | 1 | 0 |
_a[Ley de mercado de valores y su reglamento de aplicación, desde las vertientes legal, operativa, funcional y conceptual : _bdispositivo legal]. |
| 260 |
_aSanto Domingo : _bSuperintendencia de Valores, _c2006. |
||
| 300 |
_av. ; _c23 cm. |
||
| 490 | 1 | _aEstudios | |
| 505 | 2 | _aFondos multiusos -- Depósito centralizado de valores | |
| 830 | 0 |
_aEstudios _93854 |
|
| 999 |
_c26289 _d26289 |
||